000 00801cam a2200289 4500
008 000000n2000 000 0 eng u
020 _a1861342284
035 _a(Sirsi) u109417
050 _a306.65
100 _aRevell, Kerry
110 _aJoseph Rowntree Foundation
_92318
245 4 _aThe state of UK housing: A fact file on housing conditions and housing renewal policies in the UK
250 _a2nd ed.
260 _aBristol
_bIThe Policy Press
_c2000
300 _axvi, 212p. ; 30cm.
350 _a16.95
650 _aHOUSING CONDITIONS
650 _aHOUSING STOCK
650 _aPOOR HOUSING
650 _aRENOVATION
650 _aLIVING CONDITIONS
650 _aSTATISTICS
650 _aSOCIAL ISSUES
690 _aHOUSING
700 _aLeather, Philip
942 _n0
999 _c100940
_d100940